Central Library OPAC University of Rajshahi

Harm reduction : (Record no. 56836)

MARC details
000 -LEADER
fixed length control field 00832nam a2200265 a 4500
001 - CONTROL NUMBER
control field 56836
003 - CONTROL NUMBER IDENTIFIER
rucl marc code BD-RJUL
005 - DATE AND TIME OF LATEST TRANSACTION
control field 20211209080434.0
008 - FIXED-LENGTH DATA ELEMENTS--GENERAL INFORMATION
fixed length control field 161204s2000 enka b 001 0 eng
020 ## - INTERNATIONAL STANDARD BOOK NUMBER
International Standard Book Number 0761906878
International Standard Book Number 0761906886
035 ## - SYSTEM CONTROL NUMBER
System control number (BD-RJUL)56960
040 ## - CATALOGING SOURCE
Original cataloging agency DLC
Transcribing agency DLC
Language of cataloging eng
Modifying agency BD-RJUL
041 ## - LANGUAGE CODE
Language code of text/sound track or separate title eng
082 00 - DEWEY DECIMAL CLASSIFICATION NUMBER
Classification number 362.29
Edition number 23
Author mark and year HAR 2000
100 ## - MAIN ENTRY--PERSONAL NAME
Personal name Inciardi, James A
9 (RLIN) 168995
245 00 - TITLE STATEMENT
Title Harm reduction :
Remainder of title national and international perspectives /
Statement of responsibility, etc. James A. Inciardi and Lana D. Harrison.
260 ## - PUBLICATION, DISTRIBUTION, ETC. (IMPRINT)
Place of publication, distribution, etc. London :
Name of publisher, distributor, etc. Sage Publications, Inc.,
Date of publication, distribution, etc. c2000.
300 ## - PHYSICAL DESCRIPTION
Pagination xix, 224 p. :
Illustrations ill. ;
Size 23 cm.
504 ## - BIBLIOGRAPHY, ETC. NOTE
Bibliography, etc Includes bibliographical references and index.
650 #0 - SUBJECT ADDED ENTRY--TOPICAL TERM
Topical term or geographic name as entry element Drug abuse
General subdivision Prevention.
9 (RLIN) 168996
700 1# - ADDED ENTRY--PERSONAL NAME
Personal name Harrison, Lana D.
942 ## - ADDED ENTRY ELEMENTS (KOHA)
Source of classification or shelving scheme Dewey Decimal Classification
Koha item type Books
Holdings
Lost status Source of classification or shelving scheme Damaged status Not for loan Collection code Permanent Location Current Location Shelving location Date acquired Source of acquisition Cost, normal purchase price Total Checkouts Full call number Date last seen Copy number Koha item type
  Dewey Decimal Classification   Not For Loan Non-fiction Central Library, University of Rajshahi Central Library, University of Rajshahi Reading Room 14/09/2008 Dhaka, Paragon Enterpries Ltd. 56.95   362.29 HAR 2000 04/12/2016 C-1 Books